00534nam a2200205 a 4500001001300000003000900013005001700022008004100039020001000080082001500090100001700105245003200122260004100154300000900195500003500204505001000239650002500249650003700274700001700311nice12345678IN_TiNIC20260116012919.0050524s1889 lona grp 000 0 eng  ac10000a270.1bCAR aCarr, Arthur aChurch and the Roman Empire aLondonbLongmans, Green and Coc1889 a206p aincludes index and biblioraphy2 aIndex aEarly-Church History aChurch-History Primitive & Early1 aCarr, Arthur